Normal view MARC view
  • Counter-insurgency operations; techniques of guerrilla warfare

Entry Topical Term

Number of records used in: 1

001 - CONTROL NUMBER

  • control field: 106115

003 - CONTROL NUMBER IDENTIFIER

  • control field: NUST

005 - DATE AND TIME OF LATEST TRANSACTION

  • control field: 20221227181837.0

008 - FIXED-LENGTH DATA ELEMENTS

  • fixed length control field: 221227|| aca||aabn | a|a d

040 ## - CATALOGING SOURCE

  • Original cataloging agency: NUST
  • Transcribing agency: NUST

150 ## - HEADING--TOPICAL TERM

  • Topical term or geographic name entry element: Counter-insurgency operations; techniques of guerrilla warfare

670 ## - SOURCE DATA FOUND

  • Source citation: Work cat.: (NUST)185814: Paget, Julian, 49116, Counter-insurgency operations :, 1967
© 2023 Central Library, National University of Sciences and Technology. All Rights Reserved.